00454 2200181 4500245006000000020002200060250001100082100001500093700001700108650001400125650002400139005001900163260003300182041001400215084001100229300002300240336000900263 aStrategi Gila Menjadi Marketing No. 1cAfin MurtihText a978-602-9041-33-0 aCet. 1 aAfin Murti aAbdul Latief aMarketing aManajemen Pemasaran a20230414131205 aJakartabLaskar Aksarac2011 aIndonesia a658.81 a160 hlm. :c21 cm. atext